Pětset novinek z mechanizace a automatizace ve strojírenské výrobě

Saved in:
Bibliographic Details
Format: Book
Language:Czech
Published: Praha : Práce, 1964
Tags: Add Tag
No Tags, Be the first to tag this record!

MARC

LEADER 00000nam a22000003a 4500
001 stu40436
005 20150408180618.4
008 930504s1964----cs------------------cze-d
040 |a STU  |b slo 
041 0 |a cze 
044 |a cs 
245 |a Pětset novinek z mechanizace a automatizace ve strojírenské výrobě 
260 |a Praha :  |b Práce,  |c 1964 
300 |a 133 s 
996 |b 284M016148  |c M*3956-1  |l MMKN  |s A  |a 24  |w stu40436_0001